000 00444nam a2200169 i 4500
001 145921
003 ES-MaACL
005 20230906201346.0
007 t|
008 071018s1966 sp ||||1| cat d
100 1 _aVerdaguer, Pere.
_9114002
245 1 3 _aEl cronomáobil /
_cPere Verdaguer.
250 _a[1ª ed.].
260 _a[Barcelona :
_bEdicions 62,
_c1966]
300 _a174 p. ;
_c21 cm.
852 _aES-MaACL
_jC-30980
_bR.61569
999 _c145921
_d145921